000
00298nam a2200121Ia 4500
008
211105s9999 xx 000 0 und d
020
_a
VYASA02002
100
_a
Grimm George
245
0
_a
Buddhist Wisdom The Mystery Of The Self
250
_a
\N
260
_b
Motilal Banarsidass
_c
\N
300
_a
68p.
999
_c
6706
_d
6706